| 000 | 00651nam a2200193 a 4500 | ||
|---|---|---|---|
| 005 | 20250111063818.0 | ||
| 008 | 991125s1972 ag 000 0 spa u | ||
| 035 | _aUPN01000017299 | ||
| 049 | _aCG | ||
| 050 | 4 |
_aLB1027 _bL4.38 |
|
| 100 | 1 | _aLemke, Donald A. | |
| 245 | 1 | 0 |
_aEducación con programas de guía : _borientación en América Latina / _cDonald A. Lemke. |
| 260 |
_aBuenos Aires : _bGuadalupe, _c1972. |
||
| 300 | _a293 p. | ||
| 440 | 0 |
_aBiblioteca pedagógica. _pProblemática de la educación ; _v9 |
|
| 650 | 4 |
_aEducación _zAmérica Latina _vPlanes y programas _914702 |
|
| 650 | 4 |
_aEducación _vPlanes y programas _96413 |
|
| 905 | _aLibro | ||
| 999 |
_c17299 _d17299 |
||